000 00629nam a22002177a 4500
003 UA-OsUOA
001 100409
007 ta
008 20130528b un ||||| |||| 00| 0 ukr d
090 _a821.161.1
_bЧ-49
942 _cBK
040 _aUA-OsUOA
_brus
_cUA-OsUOA
_dUA-OsUOA
245 _aЧернобыль. Дни испытаний
_bкнига свидетельств
300 _a508 с.
955 _a3
041 _arus
080 _a821.161.1
260 _aК.
_bРадянський письменник
_c1988
650 7 _a82 Література. Літературознавство
_2UDC
999 _c387015
_d387015